UBT Library

THE NEW SERVANTS OF POWER A CRITIQUE OF THE 1980 SCHOOL REFORM MOVENMENT (Record no. 39690)

000 -LEADER
fixed length control field 00329nam a22001217a 4500
008 - FIXED-LENGTH DATA ELEMENTS--GENERAL INFORMATION
fixed length control field 180104b xxu||||| |||| 00| 0 eng d
041 ## - LANGUAGE CODE
Language code of text/sound track or separate title eng
080 ## - UNIVERSAL DECIMAL CLASSIFICATION NUMBER
Universal Decimal Classification number 91
100 ## - Rafti
Rafti 15
101 ## - Shkurtesa
Shkurtesa HIS
245 ## - TITLE STATEMENT
Title THE NEW SERVANTS OF POWER A CRITIQUE OF THE 1980 SCHOOL REFORM MOVENMENT
Statement of responsibility, etc SHEA.CH.M
942 ## - ADDED ENTRY ELEMENTS (KOHA)
Source of classification or shelving scheme
Item type Books
Holdings
Withdrawn status Lost status Source of classification or shelving scheme Damaged status Not for loan Collection code Permanent location Current location Shelving location Date acquired Total Checkouts Full call number Barcode Date last seen Price effective from Koha item type
          Koleksioni i përgjithshem UBT - Lipjan UBT - Lipjan Koleksioni i përgjithshem 01/04/2018   91 SHE 002-2994661 01/04/2018 01/04/2018 Books
UBT Library © 2015-2024. All rights reserved University Education for Business and Technology